Tvorba a aplikácia stratégie ľudských zdrojov diplomová práca

Salvato in:
Dettagli Bibliografici
Autore principale: Beňáková, Hana
Ente Autore: Fakulta podnikového manažmentu EU. Katedra manažmentu
Altri autori: Gálik, Rudolf
Natura: Libro
Lingua:slovacco
Pubblicazione: Bratislava 2013
Tags: Aggiungi Tag
Nessun Tag, puoi essere il primo ad aggiungerne!!

MARC

LEADER 00000nbm a2200000 4500
001 0170858
005 20161109102414.7
041 0 |a slo 
044 |a SK 
245 1 0 |a Tvorba a aplikácia stratégie ľudských zdrojov  |b diplomová práca  |c Hana Beňáková ; školiteľ: Rudolf Gálik 
264 1 |a Bratislava  |c 2013 
300 |a 62 s. 
100 1 |a Beňáková, Hana 
700 1 |a Gálik, Rudolf 
710 2 |a Fakulta podnikového manažmentu EU. Katedra manažmentu